Technology management in Japan : (Record no. 15357)

000 -LEADER
fixed length control field 00971cam a2200205 a 4500
020 ## - INTERNATIONAL STANDARD BOOK NUMBER
ISBN 0962545937 :
040 ## - CATALOGING SOURCE
Transcribing agency DLC
082 00 - DEWEY DECIMAL CLASSIFICATION NUMBER
Classification number 338 AME 1993 A063 Or.
245 00 - TITLE STATEMENT
Title Technology management in Japan :
Remainder of title R&D policy, industrial strategies, and current practice = [Nihon no gijutsu keiei] /
260 ## - PUBLICATION, DISTRIBUTION, ETC. (IMPRINT)
Place of publication Washington, D.C. :
Name of publisher American Association for the Advancement of Science,
Year of publication c1993.
300 ## - PHYSICAL DESCRIPTION
Number of Pages xxxv, 176 p. :
Other physical details ill., map ;
Dimensions 23 cm.
500 ## - GENERAL NOTE
General note Parallel title in Japanese characters.
500 ## - GENERAL NOTE
General note "Joint symposium, AAAS annual meeting, American Association for the Advancement of Science, Japan Society for Science Policy and Research Management, Hynes Convention Center, Boston, MA, February 13, 1993."
650 #0 - SUBJECT ADDED ENTRY--TOPICAL TERM
Topical Term Technology
700 1# - ADDED ENTRY--PERSONAL NAME
Personal name Cutler, Robert S.,
710 2# - ADDED ENTRY--CORPORATE NAME
Corporate name or jurisdiction name as entry element American Association for the Advancement of Science.
710 2# - ADDED ENTRY--CORPORATE NAME
Corporate name or jurisdiction name as entry element Kenkyū Gijutsu Keikaku Gakkai.
710 2# - ADDED ENTRY--CORPORATE NAME
Corporate name or jurisdiction name as entry element American Association for the Advancement of Science.
942 ## - ADDED ENTRY ELEMENTS (KOHA)
Koha item type សៀវភៅភាសាអង់គ្លេស
952 ## - LOCATION AND ITEM INFORMATION (KOHA)
Withdrawn status [LOCAL, KOHA] 0
Holdings
Permanent Location Date acquired Koha item type Lost status Shelving location Barcode Current Location Full call number
Library Block A2017-11-20សៀវភៅភាសាអង់គ្លេស A063A06020Library Block A338 AME 1993 A063 Or.
មជ្ឈមណ្ឌលឯការនៃសាកលវិទ្យាល័យភូមិន្ទកសិកម្មចំការដូង

Powered by Koha